Genio y figura de San Pedro Tlaquepaque /

Conjunto de semblanzas de 79 personajes nacidos, afincados y/o vinculados con San Pedro Tlaquepaque, Jalisco, escritas por Miguel Castro Reynoso, dos veces alcalde de ese municipio (2003-2006 y 2009-2011). Los artesanos, quienes han creado una tradición reconocida en todo el país y en el extranjero,...

Ful tanımlama

Kaydedildi:
Detaylı Bibliyografya
Yazar: Castro Reynoso, Miguel (autor)
Diğer Yazarlar: Casas Casas, Bernardo (coordinación) (coordinación)
Materyal Türü: Kitap
Dil:İspanyolca
Baskı/Yayın Bilgisi: Guadalajara, México : edición de autor, 2011, c2011
Konular:
Etiketler: Etiketle
Etiket eklenmemiş, İlk siz ekleyin!

MARC

LEADER 00000nam^a2200000^a^4500
001 000318695
005 20250526000000.0
009 20260310113419.895
037 |a Acervo ITESO - Biblioteca 
041 |a ESP 
082 |a 972. 358  |b CAS 
100 |a Castro Reynoso, Miguel  |e (autor) 
245 1 0 |a Genio y figura de San Pedro Tlaquepaque /  |c M. Castro Reynoso ; coord. y pról. de B. Casas Casas. 
264 4 |a Guadalajara, México :  |b edición de autor,  |c 2011, c2011 
300 |a 138 p. ;  |c 20.5 cm. 
336 |a texto  |b txt  |2 rdacontenido 
337 |a sin mediación  |b n  |2 rdamedio 
338 |a volumen  |b nc  |2 rdasoporte 
520 |a Conjunto de semblanzas de 79 personajes nacidos, afincados y/o vinculados con San Pedro Tlaquepaque, Jalisco, escritas por Miguel Castro Reynoso, dos veces alcalde de ese municipio (2003-2006 y 2009-2011). Los artesanos, quienes han creado una tradición reconocida en todo el país y en el extranjero, destacan entre el grupo de personajes seleccionados, que también comprenden diseñadores, escultores y pintores; cantantes, guitarristas, pianistas y compositores; poetas y fotógrafos; marionetistas y neveros; deportistas, educadores y médicos; comerciantes y empresarios; líderes sindicales, políticos y sacerdotes. 
649 |a XX 
650 |a Personajes Históricos Jaliscienses -  |x Biografías 
650 |a Personajes Históricos Mexicanos -  |x Biografías 
650 |a San Pedro Tlaquepaque, Jalisco -  |x Historia -  |y Siglo XX 
650 |a San Pedro Tlaquepaque, Jalisco -  |x Historia -  |x Tema Principal 
650 |a Jalisco -  |x Historia 
650 |a México -  |x Historia 
700 |a Casas Casas, Bernardo  |e (coordinación) 
910 |a Fondo General 
920 |a Impresos - Libros 
930 |a Libros Antiguos y Raros 
905 |a 108 
901 |a 0500205811  |b IT2  |c LRA  |i D57489  |u 20250526 
902 |a https://opac.biblio.iteso.mx/vufind/Record/000318695